| 000 | 00371nam a22001337a 4500 | ||
|---|---|---|---|
| 008 | 140605b xxu||||| |||| 00| 0 eng d | ||
| 050 | _aLB775.S5A3 | ||
| 100 |
_aSimon, Brian _910632 |
||
| 245 |
_aA life in Education _cBrian Simon |
||
| 260 |
_aLondon _bLawrence and Wishart _c1998 |
||
| 300 |
_a183p. ; _c22cm. |
||
| 600 |
_aSimon, Brian _910633 |
||
| 942 |
_2lcc _cMONOGRAPH |
||
| 999 |
_c120630 _d120630 |
||